000 01268nam a2200409 c 4500
001 10362
003 ES-MaCES
005 20180228115806.0
008 000314s2000 sp t 000 | spa d
017 _aB 3778-2000
_bDL
020 _a8434411954
035 _aCES20000003755m
040 _aES-MaCES
_bspa
_cES-MaCES
100 1 _95809
_aAlbi Ibáñez, Emilio
245 1 0 _aPúblico y privado
_b: un acuerdo necesario
_cEmilio Albi
250 _a1ª ed
260 _aBarcelona
_bAriel
_c2000
300 _a283 p.
_c21 cm
500 _aDir. de internet: http://www.ariel.es
504 _aBibliografía: p. 277-280
541 _cCompra
650 4 _aEstado
_927203
650 4 _aintervención estatal
_929380
650 4 _areforma administrativa
_927223
650 4 _acombinación de sector público y privado
_930718
650 4 _aeconomía
_926781
650 4 _apolítica
_927246
650 4 _aEstado-Benefactor
_929481
650 4 _aeficacia
_930813
650 4 _aanálisis de costes y beneficios
_928281
650 4 _ateoría económica
_927076
653 1 0 _aAdministración-Instituciones públicas
650 4 _928077
_ahacienda pública
902 _aLIB Libro
942 _2CES
_cBK
_h6.3.
999 _c10362
_d10362